000 00684cam a2200217 a 4500
001 000002904
005 20200929150259.0
008 800605s1968 sp b 001 p spa
040 _aDO-SdBNP
_bspa
_cBNPHU
082 _a861.08
_bC227a
100 1 _aCano, José Luis
_d1992-1999
_99225
245 1 0 _aAntología de poetas andaluces contemporáneos /
_cJosé Luis Cano.
250 _a2da. ed.
260 _aMadrid :
_bCultura Hispánica,
_c1968.
300 _a443 p. ;
_c20 cm.
490 1 _aLa encina y el mar,
_v38
650 4 _aPoesía española
_xColecciones
_93395
650 4 _aPoetas andaluces
_99226
650 4 _aPoesía amorosa
_99227
830 3 _aLa encina y el mar,
_v38
_99228
999 _c2738
_d2738